Восток СССР / (Record no. 22148)
[ view plain ]
| 000 -LEADER | |
|---|---|
| fixed length control field | 01168nam a2200241 a 4500 |
| 001 - CONTROL NUMBER | |
| control field | 000073558 |
| 003 - CONTROL NUMBER IDENTIFIER | |
| control field | AM-YEHGA |
| 005 - DATE AND TIME OF LATEST TRANSACTION | |
| control field | 20250617121728.0 |
| 008 - FIXED-LENGTH DATA ELEMENTS--GENERAL INFORMATION | |
| fixed length control field | 990421s1984 ru |||||||||||||||||rus d |
| 040 ## - CATALOGING SOURCE | |
| Original cataloging agency | AM-YeHGA |
| 041 0# - LANGUAGE CODE | |
| Language code of text/sound track or separate title | rus |
| 090 ## - LOCALLY ASSIGNED LC-TYPE CALL NUMBER (OCLC); LOCAL CALL NUMBER (RLIN) | |
| -- | 22402 |
| 245 00 - TITLE STATEMENT | |
| Title | Восток СССР / |
| Statement of responsibility, etc. | М-во геологии СССР, АН СССР. ВСЕГЕИ ; Под ред. Л.И. Красного и В.К. Путинцева. |
| 260 ## - PUBLICATION, DISTRIBUTION, ETC. | |
| Place of publication, distribution, etc. | Ленинград : |
| Name of publisher, distributor, etc. | Недра. Ленингр. отд-ние, |
| Date of publication, distribution, etc. | 1984. |
| 300 ## - PHYSICAL DESCRIPTION | |
| Extent | том |
| 505 ## - FORMATTED CONTENTS NOTE | |
| Miscellaneous information | Т. 8 (1984, 560 с.) |
| 650 14 - SUBJECT ADDED ENTRY--TOPICAL TERM | |
| Topical term or geographic name entry element | Геология - СССР |
| 700 1# - ADDED ENTRY--PERSONAL NAME | |
| Personal name | Красный, Л.И. |
| Relator term | ред. |
| Relationship | edt |
| 700 1# - ADDED ENTRY--PERSONAL NAME | |
| Personal name | Путинцев, В.К. |
| Relator term | ред. |
| Relationship | edt |
| 710 2# - ADDED ENTRY--CORPORATE NAME | |
| Corporate name or jurisdiction name as entry element | Всесоюзный научно-исследовательский геологический институт им. А.П. Карпинского (ВСЕГЕИ) |
| 773 08 - HOST ITEM ENTRY | |
| Title | Геологическое строение СССР и закономерности размещения полезных ископаемых : В 10-ти т. |
| Place, publisher, and date of publication | Ленинград : Недра. Ленингр. отд-ние |
| 942 ## - ADDED ENTRY ELEMENTS (KOHA) | |
| Source of classification or shelving scheme | Universal Decimal Classification |
| Koha item type | Գրքեր / Books |
| Withdrawn status | Lost status | Source of classification or shelving scheme | Damaged status | Not for loan | Collection | Home library | Current library | Date acquired | Serial enumeration / chronology | Total checkouts | Full call number | Barcode | Date last seen | Price effective from | Koha item type | Public note |
|---|---|---|---|---|---|---|---|---|---|---|---|---|---|---|---|---|
| Universal Decimal Classification | General | Fundamental Scientific Library | Fundamental Scientific Library | 21/12/2016 | Т. 8 | PIII/56180 | FL0408615 | 21/12/2016 | 21/12/2016 | Գրքեր / Books | 30 Days Loan |
ՀՀ Գիտությունների ազգային ակադեմիայի հիմնարար գիտական գրադարան = Fundamental Scientific Library of NAS RA
All site content, except where otherwise noted, is licensed under a